| 000 | 03212cam a2200493Ia 4500 | ||
|---|---|---|---|
| 001 | ocn320817322 | ||
| 003 | OCoLC | ||
| 005 | 20210303085433.0 | ||
| 006 | m d | ||
| 007 | cr un||||||||| | ||
| 008 | 090512s2000 ctua o 000 0 eng d | ||
| 020 |
_a9781849500340 (electronic bk.) : _c£64.95 ; € 94.95 ; $101.95 |
||
| 020 |
_a1849500347 (electronic bk.) : _c£64.95 ; € 94.95 ; $101.95 |
||
| 020 | _z9780762305407 (hbk.) | ||
| 020 | _z0762305401 (hbk.) | ||
| 040 |
_aVVL _beng _cVVL _dZJC |
||
| 050 | 1 | 4 |
_aHT101 _b.R39 v.5 |
| 072 | 7 |
_aJHBC _2bicssc |
|
| 072 | 7 |
_aJFSG _2bicssc |
|
| 072 | 7 |
_aSOC026000 _2bisacsh |
|
| 080 | _a316 | ||
| 082 | 0 | 4 |
_a307.76 _222 |
| 245 | 0 | 0 |
_aConstructions of urban space _h[electronic resource] / _cedited by Ray Hutchinson. |
| 260 |
_aStamford, Conn. : _bJAI Press, _c2000. |
||
| 300 |
_a1 online resource (xvii, 297 p.) : _bill. |
||
| 490 | 1 |
_aResearch in urban sociology, _x1047-0042 ; _vv. 5 |
|
| 505 | 0 | _aIntroduction to constructions of urban space / Ray Hutchison -- Public spaces: a comparative discussion of the criteria for public space / Lewis W. Dijkstra -- New urban spaces and cultural representations: social imagineries, social-physical space, and homelessness / Talmadge Wright -- Spying on an eyesore: space, place, and urban decay / Paul Draus with Cornelius Howard -- Conflict, space, and identity: two cases, one process / Scott Swearington Cecilia Orellana-Rojas -- Spatial anarchy and urban utopias: public art controversies and urban space / Kim M. Babon -- Speaking the city: skateboarding subculture and recompositions of the urban realm / Iain Borden -- Representations of space and urban planning in a post-World War II U.S. city / Kevin Fox Gotham -- Toward an urban sociology of mega-events / Harry H. Hiller -- Tourism and the revitalization of Harlem / Lily M. Hoffman -- Distinguishing metropolises: the production of urban imagery / William G. Holt, III -- Red hook: the paradoxes of poverty and place in Brooklyn / Philip Kasinitz -- Gendered space and women's community work / Judith N. DeSena. | |
| 520 | _aUrban space has emerged as the central organizing construct in studies of the post-modern metropolis. Contributors to this volume write on how urban space is used and contested by different social groups, how urban space is transformed by the changing economic relationships manifested in the new world order, and how urban space is defined by those who use and study it. | ||
| 588 | _aDescription based on print version record. | ||
| 650 | 0 | _aSociology, Urban. | |
| 650 | 0 | _aPublic spaces. | |
| 650 | 0 | _aCity planning. | |
| 650 | 0 | _aSpace (Architecture) | |
| 650 | 0 | _aUrban geography. | |
| 650 | 0 | _aUrban policy. | |
| 650 | 7 |
_aSocial research & statistics. _2bicssc |
|
| 650 | 7 |
_aUrban communities. _2bicssc |
|
| 650 | 7 |
_aSocial Science _xSociology _xGeneral. _2bisacsh |
|
| 700 | 1 | _aHutchinson, Ray. | |
| 776 | 0 | 8 |
_iPrint version: _tConstructions of urban space. _dStamford, Conn. : JAI Press, c2000 _z0762305401 _w(OCoLC)43920710 |
| 830 | 0 |
_aResearch in urban sociology ; _vv. 5. |
|
| 856 | 4 | 0 | _uhttps://www.emerald.com/insight/publication/doi/10.1016/S1047-0042(1999)5 |
| 913 | _1SSbacklist | ||
| 999 |
_c32195 _d32195 |
||